[Event "Madrid ch 2010-2011 - Semifinal B"]
[Site "Madrid ESP"]
[Date "2011.01.14"]
[Round "1.1"]
[White "Elissalt Cardenas, Hector"]
[Black "Vazquez Gonzalez, Jesus"]
[Result "1-0"]
[WhiteElo "2359"]
[BlackElo "2071"]
[PlyCount "75"]
[EventDate "2011.01.14"]
[EventType "swiss"]
[EventRounds "9"]
[EventCountry "ESP"]
[Source "lmi"]
[SourceDate "2011.01.14"]

1. b3 e5 2. Bb2 Nc6 3. e3 Nf6 4. c4 d5 5. cxd5 Qxd5 6. Nc3 Qa5 7. a3 e4 8. Qc2
Qf5 9. Nge2 Bd6 10. Ng3 Bxg3 11. hxg3 O-O 12. Rh4 Re8 13. Rf4 Qg6 14. Bc4 Be6
15. Nxe4 Nxe4 16. Qxe4 Qxe4 17. Rxe4 Bxc4 18. Rxc4 Rad8 19. b4 Rd7 20. Rac1
Ree7 21. Ke2 a6 22. g4 Rd5 23. Rc5 Rdd7 24. g5 Nd8 25. Re5 Ne6 26. f4 c6 27.
Rc4 Nc7 28. Rxe7 Rxe7 29. Kf3 Rd7 30. Rd4 Rxd4 31. Bxd4 Nb5 32. Bb2 Nd6 33. d3
b5 34. e4 g6 35. Be5 Nc8 36. Ke3 Kf8 37. Kd4 Ke7 38. Kc5 1-0

[Event "Madrid ch 2010-2011 - Semifinal B"]
[Site "Madrid ESP"]
[Date "2011.01.14"]
[Round "1.2"]
[White "Gomez Gonzalez, Javier"]
[Black "Madina Yadarola, Martin"]
[Result "0-1"]
[WhiteElo "2062"]
[BlackElo "2297"]
[PlyCount "86"]
[EventDate "2011.01.14"]
[EventType "swiss"]
[EventRounds "9"]
[EventCountry "ESP"]
[Source "lmi"]
[SourceDate "2011.01.14"]

1. e4 e6 2. d4 c5 3. Nf3 cxd4 4. c3 d3 5. Bxd3 d6 6. O-O Nc6 7. Bf4 h6 8. Nd4
e5 9. Nxc6 bxc6 10. Be3 Nf6 11. f3 Be7 12. Nd2 O-O 13. Re1 Be6 14. Bf1 Nd7 15.
Bf2 Qc7 16. Qc2 Rab8 17. b3 a5 18. c4 Nc5 19. Nb1 a4 20. Bxc5 dxc5 21. Nc3 axb3
22. axb3 Rfd8 23. Red1 Bg5 24. Kf2 Qb6 25. Rxd8+ Qxd8 26. Rd1 Qb6 27. Rb1 Qb4
28. g3 Bd8 29. Nd1 Ba5 30. Ne3 Qb7 31. Be2 h5 32. Ra1 Bb4 33. f4 exf4 34. gxf4
Qe7 35. Ng2 Bh3 36. e5 Rd8 37. Rd1 Rd4 38. Rxd4 cxd4 39. Qe4 g6 40. Kg3 Qd7 41.
Bd1 Kg7 42. Nh4 Bg4 43. Qd3 Be1+ 0-1

[Event "Madrid ch 2010-2011 - Semifinal B"]
[Site "Madrid ESP"]
[Date "2011.01.14"]
[Round "1.4"]
[White "Alonso Aranzabal, Iñigo"]
[Black "Cabañas Jimenez, Andres"]
[Result "0-1"]
[WhiteElo "2052"]
[BlackElo "2221"]
[PlyCount "66"]
[EventDate "2011.01.14"]
[EventType "swiss"]
[EventRounds "9"]
[EventCountry "ESP"]
[Source "lmi"]
[SourceDate "2011.01.14"]

1. e4 c5 2. c3 d5 3. exd5 Qxd5 4. d4 Nf6 5. Nf3 Bg4 6. dxc5 Qxd1+ 7. Kxd1 Nbd7
8. b4 O-O-O 9. Kc2 Bf5+ 10. Kb2 Ng4 11. Be3 Ndf6 12. Nbd2 Nxe3 13. fxe3 Ng4 14.
Re1 g6 15. Bc4 Bh6 16. h3 Nxe3 17. g4 Nxc4+ 18. Nxc4 Be6 19. Nce5 Bd5 20. Rhf1
f6 21. g5 Bg7 22. Ng4 Rhe8 23. h4 h5 24. gxh6 Bh8 25. Nd4 Bc4 26. Rf2 e5 27.
Nxf6 Rf8 28. Ne6 Bxe6 29. Rxe5 Bxf6 30. Rxe6 Bxc3+ 31. Kxc3 Rxf2 32. Rxg6 Rf3+
33. Kc4 Rf4+ 0-1

[Event "Madrid ch 2010-2011 - Semifinal B"]
[Site "Madrid ESP"]
[Date "2011.01.15"]
[Round "1.5"]
[White "Bermejo Arruego, Luis"]
[Black "Madurga Lopez, Ignacio"]
[Result "0-1"]
[WhiteElo "2194"]
[BlackElo "1987"]
[PlyCount "90"]
[EventDate "2011.01.14"]
[EventType "swiss"]
[EventRounds "9"]
[EventCountry "ESP"]
[Source "lmi"]
[SourceDate "2011.01.14"]

1. e4 c5 2. c3 d5 3. exd5 Qxd5 4. d4 cxd4 5. cxd4 Nc6 6. Nf3 e6 7. Be2 Nf6 8.
O-O Be7 9. Nc3 Qd8 10. a3 O-O 11. h3 b6 12. Be3 Bb7 13. b4 Nd5 14. Nxd5 Qxd5
15. Rc1 Bf6 16. Bc4 Qh5 17. Ng5 Qxd1 18. Rfxd1 Ne7 19. Bd3 Bxg5 20. Bxg5 Nd5
21. Be4 h6 22. Bd2 Rac8 23. Rxc8 Rxc8 24. Rc1 Rxc1+ 25. Bxc1 Ba6 26. Bd2 Kf8
27. g4 Ke7 28. f4 Nf6 29. Bc6 Nd5 30. b5 Bc8 31. a4 a6 32. Bc1 axb5 33. axb5
Bd7 34. Ba3+ Kd8 35. Bxd7 Kxd7 36. Bf8 g6 37. Bxh6 Nc3 38. Kf2 Nxb5 39. Ke2 Kd6
40. h4 Kd5 41. Bg7 Nd6 42. h5 gxh5 43. gxh5 Nf5 44. Kd3 Nxg7 45. h6 Nh5 0-1

[Event "Madrid ch 2010-2011 - Semifinal B"]
[Site "Madrid ESP"]
[Date "2011.01.14"]
[Round "1.6"]
[White "Garcia Herranz, Jesus"]
[Black "Garcia Salamero, Gabriel"]
[Result "0-1"]
[WhiteElo "1958"]
[BlackElo "2177"]
[PlyCount "118"]
[EventDate "2011.01.14"]
[EventType "swiss"]
[EventRounds "9"]
[EventCountry "ESP"]
[Source "lmi"]
[SourceDate "2011.01.14"]

1. Nf3 d5 2. d4 Nf6 3. c4 e6 4. g3 Be7 5. Bg2 b6 6. cxd5 exd5 7. Nc3 O-O 8. O-O
Bb7 9. Bf4 a6 10. Rc1 Nbd7 11. Nh4 Rc8 12. Nf5 Re8 13. a3 Bf8 14. b4 Ne4 15.
Nxe4 dxe4 16. Bh3 Bd5 17. Ne3 Be6 18. Bxe6 Rxe6 19. d5 Re8 20. Nc4 b5 21. Na5
Nb6 22. d6 Bxd6 23. Nb7 Qe7 24. Nxd6 cxd6 25. Qxd6 Qxd6 26. Bxd6 Nc4 27. Bc5
Red8 28. Rfd1 f6 29. Be7 Rxd1+ 30. Rxd1 Nxa3 31. Rd6 Kf7 32. Rxa6 Kxe7 33. Rxa3
Rc1+ 34. Kg2 Rb1 35. Ra7+ Kf8 36. g4 Rxb4 37. h4 e3 38. f3 Rb2 39. f4 Rxe2+ 40.
Kf3 Rh2 41. Kxe3 Rxh4 42. Kf3 h5 43. gxh5 Rxh5 44. Ra8+ Kf7 45. Ra7+ Kg6 46.
Rb7 Rc5 47. Ke4 Rc4+ 48. Kf3 Rb4 49. f5+ Kxf5 50. Rxg7 Rb3+ 51. Ke2 Kf4 52. Rh7
f5 53. Rh4+ Ke5 54. Kd2 b4 55. Kc2 Rc3+ 56. Kb2 f4 57. Rh5+ Kd4 58. Rf5 Rf3 59.
Rb5 Kc4 0-1

[Event "Madrid ch 2010-2011 - Semifinal B"]
[Site "Madrid ESP"]
[Date "2011.01.14"]
[Round "1.7"]
[White "Perez de Aranda Alonso, Leonardo"]
[Black "Cuadrado Lopez, Francisco"]
[Result "1-0"]
[WhiteElo "2161"]
[BlackElo "1957"]
[PlyCount "45"]
[EventDate "2011.01.14"]
[EventType "swiss"]
[EventRounds "9"]
[EventCountry "ESP"]
[Source "lmi"]
[SourceDate "2011.01.14"]

1. e4 g6 2. d4 Bg7 3. Nc3 d6 4. f4 Nf6 5. Bc4 c6 6. e5 dxe5 7. fxe5 Nd5 8. Qf3
e6 9. Ne4 O-O 10. Bg5 f6 11. exf6 Nxf6 12. O-O-O h6 13. Bxf6 Bxf6 14. Qh3 Kg7
15. Bxe6 Bxe6 16. Qxe6 Na6 17. Nf3 Nc7 18. Qg4 b6 19. Ne5 Bxe5 20. dxe5 Nd5 21.
c4 Ne3 22. Rd7+ Kh8 23. Qh3 1-0

[Event "Madrid ch 2010-2011 - Semifinal B"]
[Site "Madrid ESP"]
[Date "2011.01.14"]
[Round "1.8"]
[White "Morona Minguez, Irene"]
[Black "Montañes Arribas, Adrian"]
[Result "0-1"]
[WhiteElo "1911"]
[BlackElo "2144"]
[PlyCount "84"]
[EventDate "2011.01.14"]
[EventType "swiss"]
[EventRounds "9"]
[EventCountry "ESP"]
[Source "lmi"]
[SourceDate "2011.01.14"]

1. e4 e5 2. Nf3 Nc6 3. Bb5 a6 4. Ba4 Nf6 5. O-O b5 6. Bb3 Bc5 7. c3 d6 8. d4
Bb6 9. a4 Rb8 10. Na3 O-O 11. axb5 axb5 12. Nxb5 Bg4 13. h3 Bxf3 14. gxf3 Nh5
15. f4 Nxf4 16. Bxf4 exf4 17. Qg4 Bxd4 18. cxd4 Rxb5 19. Bd5 Nxd4 20. Ra4 Qf6
21. Rfa1 c6 22. Ra8 Rbb8 23. Rxb8 Rxb8 24. Bc4 Qg5 25. Kg2 Qxg4+ 26. hxg4 g5
27. Ra7 Ne6 28. Rd7 Nc5 29. Rxd6 Nxe4 30. Rxc6 Rxb2 31. Rc8+ Kg7 32. Rc7 Kf6
33. Rxf7+ Ke5 34. Rxh7 Rxf2+ 35. Kg1 Rb2 36. Bd3 Kd4 37. Ba6 f3 38. Rd7+ Ke3
39. Rd3+ Kf4 40. Rd4 Kg3 41. Bd3 f2+ 42. Kh1 Rb1+ 0-1

[Event "Madrid ch 2010-2011 - Semifinal B"]
[Site "Madrid ESP"]
[Date "2011.01.14"]
[Round "1.9"]
[White "Fernandez Lledo, Javier"]
[Black "Cano Cabanillas, Javier"]
[Result "1-0"]
[WhiteElo "2138"]
[BlackElo "1910"]
[PlyCount "79"]
[EventDate "2011.01.14"]
[EventType "swiss"]
[EventRounds "9"]
[EventCountry "ESP"]
[Source "lmi"]
[SourceDate "2011.01.14"]

1. e4 c5 2. Nf3 Nc6 3. d4 cxd4 4. Nxd4 Nf6 5. Nc3 e5 6. Ndb5 d6 7. Bg5 a6 8.
Na3 b5 9. Nd5 Be7 10. Bxf6 Bxf6 11. c3 O-O 12. g3 Bg5 13. Bg2 Be6 14. Nc2 Bxd5
15. Qxd5 Ne7 16. Qd3 Qb6 17. O-O Rfd8 18. Kh1 Ng6 19. Nb4 Rac8 20. Nd5 Qa7 21.
a4 Qb7 22. axb5 axb5 23. Ra5 Rc5 24. Rfa1 Qd7 25. b4 Rc4 26. Nb6 Qe6 27. Nxc4
bxc4 28. Qd5 Qf6 29. Qxc4 h5 30. Ra8 Rxa8 31. Rxa8+ Kh7 32. Qe2 Kh6 33. b5 Qe7
34. b6 h4 35. Ra7 Qd8 36. Qb5 hxg3 37. fxg3 Be3 38. Ra6 Nh4 39. b7 Qf6 40. Qe2
1-0

[Event "Madrid ch 2010-2011 - Semifinal B"]
[Site "Madrid ESP"]
[Date "2011.01.14"]
[Round "1.10"]
[White "Lopez Garralon, Miguel"]
[Black "Nieto de la Cruz, Julio"]
[Result "0-1"]
[WhiteElo "1895"]
[BlackElo "2135"]
[PlyCount "60"]
[EventDate "2011.01.14"]
[EventType "swiss"]
[EventRounds "9"]
[EventCountry "ESP"]
[Source "lmi"]
[SourceDate "2011.01.14"]

1. e4 c5 2. Nf3 d6 3. d4 Nf6 4. Nc3 cxd4 5. Nxd4 g6 6. h3 Bg7 7. g4 Nc6 8. Be3
O-O 9. Bg2 Be6 10. b3 Qa5 11. Qd2 Rac8 12. Ncb5 Qd8 13. Rc1 Bd7 14. c4 a6 15.
Nxc6 Bxc6 16. Nc3 b5 17. Nd5 bxc4 18. bxc4 Nd7 19. O-O Rb8 20. Rb1 Re8 21. Nb4
Bb7 22. Rfc1 Nc5 23. f3 Qa5 24. Bf1 Qa3 25. Be2 e6 26. Bd4 Bxd4+ 27. Qxd4 Bxe4
28. fxe4 Rxb4 29. Qxd6 Qe3+ 30. Kf1 Nxe4 0-1

[Event "Madrid ch 2010-2011 - Semifinal B"]
[Site "Madrid ESP"]
[Date "2011.01.15"]
[Round "1.11"]
[White "Ramos Aldoradin, John Paul"]
[Black "Marcos Herrero, Francisco"]
[Result "1-0"]
[WhiteElo "2125"]
[BlackElo "1891"]
[PlyCount "77"]
[EventDate "2011.01.14"]
[EventType "swiss"]
[EventRounds "9"]
[EventCountry "ESP"]
[Source "lmi"]
[SourceDate "2011.01.14"]

1. e4 c5 2. Nf3 d6 3. Bb5+ Bd7 4. Bxd7+ Qxd7 5. c4 g6 6. Nc3 Bg7 7. d4 cxd4 8.
Nxd4 Nc6 9. Nde2 Nf6 10. f3 O-O 11. O-O Rac8 12. b3 Rfd8 13. Bg5 h6 14. Bh4 a6
15. Rb1 e6 16. Qd2 Ne7 17. a4 g5 18. Bf2 d5 19. exd5 exd5 20. c5 d4 21. Qxd4
Nfd5 22. Qc4 Nxc3 23. Nxc3 Qd3 24. Ne4 Nf5 25. Qxd3 Rxd3 26. Rfd1 Rcd8 27. Rxd3
Rxd3 28. Kf1 Be5 29. Ke2 Rd7 30. g3 Kf8 31. Rd1 Rc7 32. Rd5 f6 33. Nxf6 Bxf6
34. Rxf5 Ke7 35. Rd5 Bc3 36. Kd3 Bb2 37. Bd4 Bxd4 38. Kxd4 Rc6 39. Rd6 1-0

[Event "Madrid ch 2010-2011 - Semifinal B"]
[Site "Madrid ESP"]
[Date "2011.01.15"]
[Round "1.12"]
[White "Garcia Salamero, Hector"]
[Black "Martin Duque, Jesus"]
[Result "0-1"]
[WhiteElo "1841"]
[BlackElo "2109"]
[PlyCount "124"]
[EventDate "2011.01.14"]
[EventType "swiss"]
[EventRounds "9"]
[EventCountry "ESP"]
[Source "lmi"]
[SourceDate "2011.01.14"]

1. e4 c5 2. Nf3 a6 3. d4 cxd4 4. Nxd4 Nf6 5. Nc3 e5 6. Nde2 Bc5 7. Ng3 Qb6 8.
Qd2 d6 9. Bc4 O-O 10. O-O Qc7 11. Bb3 Nc6 12. Nd5 Nxd5 13. Bxd5 Ne7 14. Bb3 Kh8
15. Kh1 f5 16. exf5 Nxf5 17. Qg5 Nxg3+ 18. Qxg3 Bf5 19. Be3 Rf6 20. Bxc5 Qxc5
21. Qe3 Qxe3 22. fxe3 Be4 23. Rxf6 gxf6 24. Rd1 Rd8 25. Bd5 Bxd5 26. Rxd5 Kg7
27. Kg1 Kf7 28. Kf2 Ke6 29. Rd3 Rc8 30. c3 e4 31. Rd4 Ke5 32. g3 b5 33. a3 Rc5
34. Ke2 d5 35. Kf2 h5 36. Kg2 a5 37. Kf2 Rc8 38. Ke2 h4 39. Kf2 hxg3+ 40. hxg3
Rh8 41. Kg2 Ke6 42. Rd2 Rb8 43. Kh3 Ke5 44. Rd4 Ke6 45. Kg2 Rh8 46. Rd2 Rh5 47.
Rf2 Rh8 48. Rd2 Rb8 49. Rd4 Kd6 50. Kf2 Kc5 51. b3 f5 52. Kg2 Rc8 53. Rd2 Kd6
54. Rc2 b4 55. axb4 axb4 56. c4 dxc4 57. bxc4 Kc5 58. Kf2 b3 59. Rc1 b2 60. Rb1
Rb8 61. Ke2 Kxc4 62. Kd2 Kb3 0-1

[Event "Madrid ch 2010-2011 - Semifinal B"]
[Site "Madrid ESP"]
[Date "2011.01.14"]
[Round "1.14"]
[White "Martin Garcia, Francisco Javier"]
[Black "Lorite Cruz, Francisco"]
[Result "0-1"]
[WhiteElo "1662"]
[BlackElo "2095"]
[PlyCount "86"]
[EventDate "2011.01.14"]
[EventType "swiss"]
[EventRounds "9"]
[EventCountry "ESP"]
[Source "lmi"]
[SourceDate "2011.01.14"]

1. d4 f5 2. Nf3 Nf6 3. Bf4 d6 4. h3 g6 5. e3 Bg7 6. Bc4 e6 7. g4 Qe7 8. gxf5
exf5 9. Nbd2 Be6 10. Qe2 Nc6 11. O-O-O Bxc4 12. Qxc4 O-O-O 13. Rhg1 Ne4 14.
Nxe4 fxe4 15. Nd2 d5 16. Qa4 Rhf8 17. c4 Qb4 18. Qxb4 Nxb4 19. Kb1 Nd3 20. Bg5
Rde8 21. cxd5 Nxf2 22. Rc1 Nxh3 23. Rg3 Nxg5 24. Rxg5 Bh6 25. Rg3 Rf7 26. Nc4
Bf8 27. d6 Rf3 28. Rxf3 exf3 29. Rf1 b5 30. d7+ Kxd7 31. Ne5+ Ke6 32. Nxf3 Kd5
33. Ne5 Bd6 34. Ng4 Rf8 35. Nf6+ Ke6 36. d5+ Ke7 37. Rh1 Kxf6 38. Rxh7 g5 39.
Rh6+ Kg7 40. Re6 Rf5 41. Re8 Rxd5 42. Ra8 g4 43. Rxa7 g3 0-1

[Event "Madrid ch 2010-2011 - Semifinal B"]
[Site "Madrid ESP"]
[Date "2011.01.15"]
[Round "2.1"]
[White "Nieto de la Cruz, Julio"]
[Black "Elissalt Cardenas, Hector"]
[Result "0-1"]
[WhiteElo "2135"]
[BlackElo "2359"]
[PlyCount "90"]
[EventDate "2011.01.14"]
[EventType "swiss"]
[EventRounds "9"]
[EventCountry "ESP"]
[Source "lmi"]
[SourceDate "2011.01.14"]

1. d4 d6 2. c4 f5 3. Nf3 Nf6 4. Nc3 g6 5. Bf4 Bg7 6. e3 O-O 7. Be2 c6 8. h3 a6
9. O-O h6 10. h4 Nbd7 11. b4 Ng4 12. Bg3 Ndf6 13. Nh2 Nxh2 14. Bxh2 Be6 15. a4
Qe8 16. Rb1 Qf7 17. Qd3 Ng4 18. Bg3 g5 19. hxg5 hxg5 20. d5 Bd7 21. f4 gxf4 22.
exf4 Qf6 23. dxc6 bxc6 24. Nd1 Qd4+ 25. Nf2 Qxd3 26. Nxd3 Bd4+ 27. Kh1 Ne3 28.
Rfe1 Kf7 29. Nf2 Rh8+ 30. Nh3 Rag8 31. Kh2 e5 32. Bf3 e4 33. Be2 Ng4+ 34. Kh1
Kf6 35. c5 dxc5 36. bxc5 Be6 37. Bxa6 Ra8 38. Rb6 Bd5 39. Bb7 e3 40. Rxc6+ Bxc6
41. Bxc6 Rac8 42. Bf3 Rxc5 43. Rd1 Nf2+ 44. Bxf2 exf2 45. Be2 Re8 0-1

[Event "Madrid ch 2010-2011 - Semifinal B"]
[Site "Madrid ESP"]
[Date "2011.01.15"]
[Round "2.2"]
[White "Madina Yadarola, Martin"]
[Black "Ramos Aldoradin, John Paul"]
[Result "1-0"]
[WhiteElo "2297"]
[BlackElo "2125"]
[PlyCount "143"]
[EventDate "2011.01.14"]
[EventType "swiss"]
[EventRounds "9"]
[EventCountry "ESP"]
[Source "lmi"]
[SourceDate "2011.01.14"]

1. g3 d5 2. Bg2 c6 3. d3 Nf6 4. Nd2 e5 5. c4 Bd6 6. Ngf3 O-O 7. O-O Re8 8. e4
dxe4 9. Nxe4 Nxe4 10. dxe4 Bg4 11. Qc2 Bxf3 12. Bxf3 Qe7 13. Bg4 a5 14. Bd2 Bb4
15. Rad1 Na6 16. Be3 Rad8 17. Bb6 Rxd1 18. Rxd1 Qg5 19. Bh3 Qh6 20. Kg2 Bc5 21.
Bxa5 Bd4 22. Bc3 c5 23. a3 Qb6 24. Rb1 Rd8 25. Be1 h6 26. b4 Qc7 27. b5 Nb8 28.
a4 b6 29. Rb3 Nd7 30. a5 Ra8 31. Ra3 Qb7 32. a6 Qc7 33. Qe2 Nf6 34. Rb3 Ne8 35.
Bf5 Nd6 36. h4 Qe7 37. Bh3 Ra7 38. Ra3 Qf6 39. Bd2 Qe7 40. Ra4 Kf8 41. Qf3 Kg8
42. Bf5 Qf6 43. h5 Kh8 44. Bh3 Qxf3+ 45. Kxf3 Kg8 46. Bg2 Kf8 47. Ke2 Ke7 48.
Be3 Kd7 49. f3 f6 50. f4 Kc7 51. Kf3 Ra8 52. Bf1 Kb8 53. Bh3 Ka7 54. Be6 Re8
55. Bd5 Re7 56. Ra2 Ne8 57. Rh2 Nd6 58. Ke2 Ne8 59. Kd3 Nd6 60. Rh4 Ne8 61. Rg4
Bb2 62. Bd2 Rd7 63. Rg6 Nc7 64. Be3 Re7 65. f5 Kb8 66. g4 Rd7 67. Bxh6 gxh6 68.
Rxf6 Nxd5 69. Rf8+ Ka7 70. exd5 Rg7 71. d6 Rxg4 72. Rf7+ 1-0

[Event "Madrid ch 2010-2011 - Semifinal B"]
[Site "Madrid ESP"]
[Date "2011.01.15"]
[Round "2.3"]
[White "Cabañas Jimenez, Andres"]
[Black "Martin Duque, Jesus"]
[Result "1/2-1/2"]
[WhiteElo "2221"]
[BlackElo "2109"]
[PlyCount "23"]
[EventDate "2011.01.14"]
[EventType "swiss"]
[EventRounds "9"]
[EventCountry "ESP"]
[Source "lmi"]
[SourceDate "2011.01.14"]

1. e4 e6 2. d4 d5 3. Nc3 Bb4 4. Bd2 dxe4 5. Qg4 Qxd4 6. O-O-O h5 7. Qg5 Be7 8.
Qg3 Bd6 9. Qh4 Be7 10. Qg3 Bd6 11. Qh4 Be7 12. Qg3 1/2-1/2

[Event "Madrid ch 2010-2011 - Semifinal B"]
[Site "Madrid ESP"]
[Date "2011.01.15"]
[Round "2.4"]
[White "Garcia Salamero, Gabriel"]
[Black "Cerrato Torrijos, Maria"]
[Result "1-0"]
[WhiteElo "2177"]
[BlackElo "2100"]
[PlyCount "81"]
[EventDate "2011.01.14"]
[EventType "swiss"]
[EventRounds "9"]
[EventCountry "ESP"]
[Source "lmi"]
[SourceDate "2011.01.14"]

1. e4 c5 2. Nf3 d6 3. d4 cxd4 4. Nxd4 Nf6 5. Nc3 g6 6. g3 Nc6 7. Nde2 h5 8. Bg5
Ne5 9. Bg2 Bh3 10. Bxf6 Bxg2 11. Bxe5 dxe5 12. Rg1 Bh3 13. Qd5 Bg7 14. O-O-O
Qxd5 15. Nxd5 Rc8 16. Nec3 Bd7 17. Rd3 e6 18. Ne3 b5 19. a3 Ke7 20. f3 Bc6 21.
Rgd1 Rc7 22. Ned5+ Bxd5 23. exd5 Rb7 24. d6+ Kd7 25. Ne4 Rc8 26. b4 Rb6 27.
Nc5+ Kd8 28. c3 Bf8 29. Kb2 Rcc6 30. a4 bxa4 31. Nxa4 Rb7 32. Kb3 Kd7 33. c4 f5
34. Ka3 e4 35. fxe4 fxe4 36. Rd4 e3 37. Re4 a5 38. Nc5+ Rxc5 39. bxc5 Rb4 40.
Rxe3 Rxc4 41. Rf3 1-0

[Event "Madrid ch 2010-2011 - Semifinal B"]
[Site "Madrid ESP"]
[Date "2011.01.15"]
[Round "2.5"]
[White "Lorite Cruz, Francisco"]
[Black "Perez de Aranda Alonso, Leonardo"]
[Result "1/2-1/2"]
[WhiteElo "2095"]
[BlackElo "2161"]
[PlyCount "85"]
[EventDate "2011.01.14"]
[EventType "swiss"]
[EventRounds "9"]
[EventCountry "ESP"]
[Source "lmi"]
[SourceDate "2011.01.14"]

1. e4 c5 2. Nf3 d6 3. d4 cxd4 4. Nxd4 Nf6 5. Nc3 a6 6. Be2 e5 7. Nb3 Be7 8. O-O
O-O 9. Be3 Be6 10. Qd2 Nbd7 11. a4 Rc8 12. a5 Qc7 13. Rfc1 Qc6 14. Bf3 b5 15.
axb6 Nxb6 16. Na5 Qc7 17. Be2 Rfd8 18. Bxa6 Rb8 19. Qe2 d5 20. Nb5 Qd7 21. exd5
Bxd5 22. c4 Be4 23. f3 Bd3 24. Qf2 Nbd5 25. cxd5 Bxb5 26. Nc6 Bxa6 27. Rxa6
Nxd5 28. Nxb8 Rxb8 29. Ra7 Qb5 30. h3 h6 31. Raa1 Nxe3 32. Qxe3 Bg5 33. Qe4
Bxc1 34. Rxc1 Qxb2 35. Rd1 g6 36. Kh2 Rc8 37. Rb1 Qd4 38. Qe2 Qf4+ 39. Kh1 Qf5
40. Re1 Rc5 41. Qe3 Rd5 42. Qxh6 Qd7 43. Qe3 1/2-1/2

[Event "Madrid ch 2010-2011 - Semifinal B"]
[Site "Madrid ESP"]
[Date "2011.01.15"]
[Round "2.6"]
[White "Montañes Arribas, Adrian"]
[Black "Martin Rodriguez, Emilio"]
[Result "1-0"]
[WhiteElo "2144"]
[BlackElo "2054"]
[PlyCount "89"]
[EventDate "2011.01.14"]
[EventType "swiss"]
[EventRounds "9"]
[EventCountry "ESP"]
[Source "lmi"]
[SourceDate "2011.01.14"]

1. e4 e6 2. d4 d5 3. Nc3 Nf6 4. Bg5 Be7 5. e5 Ne4 6. Nxe4 dxe4 7. Bxe7 Qxe7 8.
Qe2 Bd7 9. O-O-O Bc6 10. g3 Nd7 11. Bg2 f5 12. exf6 Nxf6 13. Nh3 O-O 14. Ng5 e5
15. Nxe4 exd4 16. Nxf6+ Qxf6 17. Qc4+ Qf7 18. Qxf7+ Rxf7 19. Bxc6 bxc6 20. f4
Rd7 21. Rhe1 Rad8 22. Kd2 Rb8 23. b3 Rb5 24. Re6 Rc5 25. Rde1 Kf7 26. R6e5 Rc3
27. Ra5 Rf3 28. Re2 g6 29. Rxa7 h5 30. Ra8 Kf6 31. Rf8+ Kg7 32. Rfe8 Kf6 33.
R8e6+ Kf7 34. Rxc6 d3 35. cxd3 Rfxd3+ 36. Kc2 Rf3 37. Rc3 Rf1 38. Rd3 Rxd3 39.
Kxd3 h4 40. gxh4 Rxf4 41. a4 Rxh4 42. a5 Rb4 43. Kc3 Rb5 44. Ra2 Rb7 45. a6 1-0

[Event "Madrid ch 2010-2011 - Semifinal B"]
[Site "Madrid ESP"]
[Date "2011.01.15"]
[Round "2.7"]
[White "Madurga Lopez, Ignacio"]
[Black "Fernandez Lledo, Javier"]
[Result "1/2-1/2"]
[WhiteElo "1987"]
[BlackElo "2138"]
[PlyCount "103"]
[EventDate "2011.01.14"]
[EventType "swiss"]
[EventRounds "9"]
[EventCountry "ESP"]
[Source "lmi"]
[SourceDate "2011.01.14"]

1. e4 c5 2. Nf3 d6 3. d4 cxd4 4. Nxd4 Nf6 5. Nc3 Nc6 6. Bg5 Bd7 7. Bxf6 gxf6 8.
Be2 Rg8 9. g3 Nxd4 10. Qxd4 Qa5 11. O-O Rc8 12. a4 Qc5 13. Qxc5 Rxc5 14. Bd3 e6
15. Nb5 a6 16. Nd4 h5 17. h4 Be7 18. Kh2 Ra5 19. b3 Rc5 20. Rac1 f5 21. exf5 e5
22. Nf3 Rc3 23. Rfe1 f6 24. Re3 Kf8 25. Bc4 Rxe3 26. fxe3 Rg4 27. Bd5 Bxf5 28.
Bxb7 Be4 29. Bxe4 Rxe4 30. Re1 d5 31. Nd2 Rg4 32. c3 Kf7 33. e4 Ke6 34. exd5+
Kxd5 35. Nc4 Kc6 36. Kg2 Bd8 37. Rd1 Bc7 38. Ne3 Rg6 39. Nf5 Rg4 40. Ne7+ Kb7
41. Nd5 Bd8 42. Ne3 Rg8 43. Rd7+ Kc6 44. Ra7 a5 45. Ra6+ Kc5 46. Nc4 f5 47.
Nxe5 Bxh4 48. Rg6 Rxg6 49. Nxg6 Bf6 50. b4+ axb4 51. cxb4+ Kxb4 52. Nf4 1/2-1/2

[Event "Madrid ch 2010-2011 - Semifinal B"]
[Site "Madrid ESP"]
[Date "2011.01.15"]
[Round "2.8"]
[White "Morona Minguez, Irene"]
[Black "Bermejo Arruego, Luis"]
[Result "0-1"]
[WhiteElo "1911"]
[BlackElo "2194"]
[PlyCount "112"]
[EventDate "2011.01.14"]
[EventType "swiss"]
[EventRounds "9"]
[EventCountry "ESP"]
[Source "lmi"]
[SourceDate "2011.01.14"]

1. e4 c5 2. Nf3 Nc6 3. d4 cxd4 4. Nxd4 g6 5. c4 Nf6 6. Nc3 Nxd4 7. Qxd4 d6 8.
Bg5 Bg7 9. Be2 O-O 10. Qd2 Be6 11. Rc1 Re8 12. Bh6 Rc8 13. b3 Qa5 14. h4 Bxh6
15. Qxh6 Nxe4 16. h5 Bf5 17. g4 Nxc3 18. Qd2 Qe5 19. Qxc3 Qxc3+ 20. Rxc3 Be4
21. f3 Bc6 22. hxg6 hxg6 23. Rh6 Kg7 24. g5 Rh8 25. Re3 Rc7 26. Rxh8 Kxh8 27.
Kd2 Kg7 28. b4 b6 29. a3 Bb7 30. Bd3 f6 31. f4 e5 32. gxf6+ Kxf6 33. Rg3 e4 34.
Be2 d5 35. cxd5 Bxd5 36. Rg5 Be6 37. Bb5 Rh7 38. Be8 Bf5 39. Rg3 Rh2+ 40. Ke3
Rh8 41. Bc6 Rd8 42. Bb5 Rd1 43. Ke2 Rb1 44. Bc6 Rb2+ 45. Ke3 Rb3+ 46. Kf2 Rb2+
47. Ke3 Ke6 48. Be8 Rb3+ 49. Kf2 Rxg3 50. Kxg3 Kd5 51. Bf7+ Kd4 52. Kf2 e3+ 53.
Kf3 Kd3 54. Be8 Be4+ 55. Kg4 Kd2 56. Bb5 Bd3 0-1

[Event "Madrid ch 2010-2011 - Semifinal B"]
[Site "Madrid ESP"]
[Date "2011.01.15"]
[Round "2.9"]
[White "Vazquez Gonzalez, Jesus"]
[Black "Lopez Garralon, Miguel"]
[Result "0-1"]
[WhiteElo "2071"]
[BlackElo "1895"]
[PlyCount "62"]
[EventDate "2011.01.14"]
[EventType "swiss"]
[EventRounds "9"]
[EventCountry "ESP"]
[Source "lmi"]
[SourceDate "2011.01.14"]

1. e4 d6 2. d4 Nf6 3. Nc3 Nbd7 4. Nf3 e5 5. Bc4 h6 6. O-O Be7 7. a4 a5 8. dxe5
dxe5 9. Qe2 c6 10. Rd1 Qc7 11. Nh4 Nc5 12. Nf5 Bf8 13. Ng3 g6 14. b3 Ne6 15.
Be3 Ng4 16. Qf3 Nxe3 17. fxe3 Bc5 18. Kh1 O-O 19. h4 Qe7 20. Qg4 Ng7 21. Qxg6
Qxh4+ 22. Kg1 Bxe3+ 23. Kf1 Be6 24. Bxe6 fxe6+ 25. Ke2 Rf6 26. Rh1 Qf4 27. Qxf6
Qxf6 28. Raf1 Qg5 29. Rf3 Bf4 30. Rh3 Rd8 31. Nb1 h5 0-1

[Event "Madrid ch 2010-2011 - Semifinal B"]
[Site "Madrid ESP"]
[Date "2011.01.15"]
[Round "2.10"]
[White "Cano Cabanillas, Javier"]
[Black "Gomez Gonzalez, Javier"]
[Result "0-1"]
[WhiteElo "1910"]
[BlackElo "2062"]
[PlyCount "58"]
[EventDate "2011.01.14"]
[EventType "swiss"]
[EventRounds "9"]
[EventCountry "ESP"]
[Source "lmi"]
[SourceDate "2011.01.14"]

1. e4 c5 2. c3 d5 3. exd5 Qxd5 4. d4 e5 5. dxe5 Qxd1+ 6. Kxd1 Nc6 7. f4 f6 8.
exf6 Nxf6 9. Nf3 Bf5 10. Nbd2 O-O-O 11. Ke1 Bd6 12. Be2 Rhe8 13. Kf1 Bxf4 14.
Nb3 Bd6 15. Bg5 Rf8 16. Bxf6 Rxf6 17. Kf2 Ne5 18. Nxe5 Bxe5 19. Bf3 Bd6 20.
Rad1 g5 21. h3 h5 22. Kg1 g4 23. hxg4 hxg4 24. Bd5 Rdf8 25. Bc4 Bc2 26. Rf1 Bf4
27. Kf2 g3+ 28. Kf3 Bc1+ 29. Kg4 Rg6+ 0-1